[Event "CP-2021-S-00003"]
[Site "LSS email"]
[Date "2021.01.26"]
[Round "?"]
[White "Markus, Roland"]
[Black "Sienkiewicz, Wojciech"]
[Result "1/2-1/2"]
[WhiteElo "2389"]
[BlackElo "2242"]
[PlyCount "84"]
[EventDate "2021.01.26"]
[EventType "tourn (corr)"]
[EventRounds "7"]
[EventCountry "GER"]
[SourceTitle "Corr 2024"]
[Source "ChessBase"]
[SourceDate "2023.10.19"]
[SourceVersion "1"]
[SourceVersionDate "2023.10.19"]
[SourceQuality "1"]

1. e4 e5 2. Nf3 Nc6 3. Bb5 Nf6 4. d3 Bc5 5. c3 0-0 6. 0-0 Re8 7. Bg5 a6 8. Ba4 h6 9. Bh4 g5 10. Bg3 b5 11. Bc2 d6 12. a4 Bd7 13. Re1 Bb6 14. Nbd2 Ne7 15. d4 Ng6 16. Nf1 bxa4 17. h3 Rb8 18. N1d2 exd4 19. cxd4 Nh5 20. Bh2 Nhf4 21. Bxa4 Nd3 22. Bxd7 Nxe1 23. Bxe8 Nxf3+ 24. Nxf3 Qxe8 25. e5 dxe5 26. Nxe5 Rd8 27. Nxg6 Bxd4 28. Qd2 Bg7 29. Qa5 fxg6 30. Bxc7 Rd7 31. Re1 Re7 32. Rxe7 Qxe7 33. b3 Qf7 34. Qb6 h5 35. Bd8 Qd5 36. Bf6 Bxf6 37. Qxf6 Kh7 38. Qe7+ Kg8 39. Qe8+ Kg7 40. Qe7+ Qf7 41. Qe5+ Qf6 42. Qe3 Qa1+ 1/2-1/2

[Event "CP-2019-Q-00007"]
[Site "LSS email"]
[Date "2019.11.27"]
[Round "?"]
[White "Sienkiewicz, Wojciech"]
[Black "Grabowski, Benedykt"]
[Result "1-0"]
[WhiteElo "2208"]
[BlackElo "1758"]
[PlyCount "115"]
[EventDate "2019.12.01"]
[EventType "tourn (corr)"]
[EventRounds "6"]
[EventCountry "GER"]
[SourceTitle "Corr 2022"]
[Source "ChessBase"]
[SourceDate "2021.10.24"]
[SourceVersion "1"]
[SourceVersionDate "2021.10.24"]
[SourceQuality "1"]

1. d4 d5 2. c4 Bf5 3. cxd5 Bxb1 4. Qa4+ c6 5. Rxb1 Qxd5 6. e3 Nd7 7. Nf3 Ngf6 8. Bd2 e6 9. Qc2 Qh5 10. Be2 Qg6 11. Qxg6 hxg6 12. 0-0 Bd6 13. Rfc1 g5 14. h3 Ne4 15. Be1 f5 16. Bd3 Ndf6 17. b4 Rd8 18. Bc2 Rh6 19. a4 g4 20. hxg4 fxg4 21. Ne5 g3 22. fxg3 Ke7 23. g4 Rdh8 24. Kf1 Rd8 25. b5 c5 26. a5 Ke8 27. b6 a6 28. Nf3 Bg3 29. Bxe4 Nxe4 30. Bxg3 Nxg3+ 31. Kf2 Ne4+ 32. Ke2 Rg6 33. dxc5 Rxg4 34. Nd4 e5 35. Kf3 Rh4 36. Nb3 Ke7 37. c6 Rf8+ 38. Ke2 Ng3+ 39. Kd2 Rd8+ 40. Ke1 bxc6 41. Nc5 Rh6 42. Kf2 Rg6 43. e4 Rd2+ 44. Ke3 Re2+ 45. Kd3 Rd6+ 46. Kc3 Nxe4+ 47. Nxe4 Re3+ 48. Kb4 Rxe4+ 49. Kc5 Rd5+ 50. Kxc6 Rd6+ 51. Kb7 Ra4 52. Kxa6 Ra2 53. Rc5 Ke6 54. Ka7 g5 55. b7 Rd7 56. a6 Kf5 57. Kb6 Rd8 58. a7 1-0

[Event "ZH-2019-0-01800"]
[Site "LSS email"]
[Date "2019.10.01"]
[Round "?"]
[White "Cirulis, Ilmars"]
[Black "Sienkiewicz, Wojciech"]
[Result "1/2-1/2"]
[WhiteElo "2203"]
[BlackElo "2219"]
[PlyCount "45"]
[EventDate "2019.09.27"]
[EventType "match (corr)"]
[EventRounds "2"]
[EventCountry "GER"]
[SourceTitle "Corr 2022"]
[Source "ChessBase"]
[SourceDate "2021.10.24"]
[SourceVersion "1"]
[SourceVersionDate "2021.10.24"]
[SourceQuality "1"]

1. c4 Nf6 2. d4 g6 3. Nc3 d5 4. cxd5 Nxd5 5. e4 Nxc3 6. bxc3 Bg7 7. Bc4 c5 8. Ne2 Nc6 9. Be3 0-0 10. 0-0 Qc7 11. Rc1 b6 12. h4 Bb7 13. h5 Rad8 14. Bb5 Na5 15. Ng3 a6 16. Bd3 Qd6 17. h6 Bh8 18. Qg4 cxd4 19. cxd4 Qa3 20. Qe2 Bxd4 21. Bxd4 Rxd4 22. Bxa6 Nb3 23. axb3 1/2-1/2

[Event "ZH-2019-0-01794"]
[Site "LSS email"]
[Date "2019.08.21"]
[Round "?"]
[White "Mostowik, Daniel"]
[Black "Sienkiewicz, Wojciech"]
[Result "1/2-1/2"]
[WhiteElo "2211"]
[BlackElo "2224"]
[PlyCount "65"]
[EventDate "2019.07.29"]
[EventType "match (corr)"]
[EventRounds "2"]
[EventCountry "GER"]
[SourceTitle "Corr 2022"]
[Source "ChessBase"]
[SourceDate "2021.10.24"]
[SourceVersion "1"]
[SourceVersionDate "2021.10.24"]
[SourceQuality "1"]

1. d4 Nf6 2. c4 g6 3. Nc3 d5 4. cxd5 Nxd5 5. e4 Nxc3 6. bxc3 Bg7 7. Bc4 c5 8. Ne2 Nc6 9. Be3 0-0 10. 0-0 Bg4 11. f3 Bd7 12. Rb1 Qc7 13. Bf4 e5 14. Bg3 cxd4 15. cxd4 Rac8 16. Bd5 b5 17. dxe5 Nxe5 18. Qd2 a5 19. Rbc1 Qb6+ 20. Bf2 Qa6 21. Rxc8 Bxc8 22. Rc1 Nc4 23. Qd3 Ne5 24. Qd1 Be6 25. Nd4 Bxd5 26. exd5 b4 27. Nc6 Nxc6 28. dxc6 Bh6 29. Rc5 Bf4 30. g4 Bc7 31. Kg2 a4 32. Bg3 Bxg3 33. Kxg3 1/2-1/2

[Event "CP-2018-P-00016"]
[Site "LSS email"]
[Date "2018.09.27"]
[Round "?"]
[White "Sienkiewicz, Wojciech"]
[Black "Kushnaryov, Andrey"]
[Result "1/2-1/2"]
[WhiteElo "2208"]
[BlackElo "2232"]
[PlyCount "36"]
[EventDate "2018.10.01"]
[EventType "tourn (corr)"]
[EventRounds "6"]
[EventCountry "GER"]
[SourceTitle "Corr 2022"]
[Source "ChessBase"]
[SourceDate "2021.10.24"]
[SourceVersion "1"]
[SourceVersionDate "2021.10.24"]
[SourceQuality "1"]

1. d4 Nf6 2. c4 e6 3. Nf3 d5 4. Nc3 Be7 5. Bf4 0-0 6. e3 Nbd7 7. c5 Nh5 8. Bd3 Nxf4 9. exf4 b6 10. b4 a5 11. a3 c6 12. 0-0 Qc7 13. g3 Ba6 14. Bxa6 Rxa6 15. Qe2 Raa8 16. Kg2 Bf6 17. Ne5 Rfb8 18. Rfb1 Ra7 1/2-1/2

[Event "CP-2018-P-00016"]
[Site "LSS email"]
[Date "2018.09.27"]
[Round "?"]
[White "Stadler, Pavel"]
[Black "Sienkiewicz, Wojciech"]
[Result "0-1"]
[WhiteElo "1209"]
[BlackElo "2208"]
[PlyCount "58"]
[EventDate "2018.10.01"]
[EventType "tourn (corr)"]
[EventRounds "6"]
[EventCountry "GER"]
[SourceTitle "Corr 2022"]
[Source "ChessBase"]
[SourceDate "2021.10.24"]
[SourceVersion "1"]
[SourceVersionDate "2021.10.24"]
[SourceQuality "1"]

1. e4 c5 2. Nf3 d6 3. d4 cxd4 4. Nxd4 Nf6 5. Nc3 a6 6. Bg5 Nbd7 7. Be2 e6 8. 0-0 Qc7 9. Kh1 h6 10. Bh4 Be7 11. f4 b5 12. a3 Bb7 13. Bxf6 Nxf6 14. Bf3 0-0 15. f5 d5 16. exd5 exd5 17. Qd3 Rfe8 18. Rad1 b4 19. axb4 Bxb4 20. Nce2 a5 21. c3 Ba6 22. Qd2 Bd6 23. g3 Rab8 24. Nc1 Bxf1 25. Rxf1 Ne4 26. Bxe4 dxe4 27. Nce2 e3 28. Qc2 Qb7+ 29. Kg1 Qxb2 0-1